Catálogo oficial / (Record no. 62192)

MARC details
000 -LEADER
campo de control de longitud fija 00557nam a2200157 i 4500
001 - NÚMERO DE CONTROL
campo de control 62192
003 - IDENTIFICADOR DE NÚMERO DE CONTROL
campo de control ES-MaACL
005 - FECHA Y HORA DE LA ÚLTIMA TRANSACCIÓN
campo de control 20230906164626.0
007 - CAMPO FIJO DE DESCRIPCIÓN FÍSICA--INFORMACIÓN GENERAL
campo de control de longitud fija t|
008 - DATOS DE LONGITUD FIJA--INFORMACIÓN GENERAL
campo de control de longitud fija 031118s1967 sp ||||1| spa d
111 2# - ENTRADA PRINCIPAL--NOMBRE DE CONGRESO/REUNIÓN
Nombre de congreso/reunión o jurisdicción como elemento de entrada Feria Oficial y Nacional de Muestras (
Número del congreso/reunión o número de parte o sección 27ª.
Fecha del congreso o de la firma del tratado 1967.
Sede del congreso/Lugar de la reunión Zaragoza)
9 (RLIN) 735
245 10 - MENCIÓN DEL TÍTULO
Título Catálogo oficial /
Mención de responsabilidad, etc. XXVII Feria Oficial y Nacional de Muestras, 30 de septiembre al 15 de octubre de 1967.
260 ## - PUBLICACIÓN, DISTRIBUCIÓN, ETC.
Lugar de publicación, distribución, etc. Zaragoza :
Nombre del editor, distribuidor, etc. [s.n.,
Fecha de publicación, distribución, etc. 1967] (
Fabricante Tall. Gráf. "La Editorial")
300 ## - DESCRIPCIÓN FÍSICA
Extensión 894 p. ;
Dimensiones 22 cm.
852 ## - LOCALIZACIÓN
Ubicación ES-MaACL
Número de control de estantería C-33162
Sublocalización o colección R.64019
Holdings
Estatus retirado Estado de pérdida Estado de daño No para préstamo Biblioteca de origen Biblioteca actual Ubicación en estantería Fecha de adquisición Fuente de adquisición Total de préstamos Signatura topográfica completa Código de barras Visto por última vez Precio de reemplazo Tipo de ítem Koha
        Biblioteca del Ateneo de Madrid Biblioteca del Ateneo de Madrid Depósito 2 17/01/2008     C-33162 1065199 23/02/2023 23/02/2023 Libro impreso